| 000 | 01931nam a22002417a 4500 | ||
|---|---|---|---|
| 999 |
_c37772 _d37772 |
||
| 005 | 20251125232929.0 | ||
| 008 | s2545 th o thaeng | ||
| 040 | _aNALT | ||
| 041 | _athaeng | ||
| 086 | _aสผ 17 3.5 951 2545 | ||
| 110 | 2 |
_aสำนักงานเลขาธิการสภาผู้แทนราษฎร. _bกองความสัมพันธ์ระหว่างประเทศ _99008 |
|
| 245 | 1 | 0 |
_aข้อมูลสาธารณรัฐประชาชนจีน นาย Cai Fangbai รองประธานคณะกรรมาธิการการต่างประเทศ สภาประชาชนแห่งชาติ สาธารณรัฐประชาชนจีน เข้าเยี่ยมคารวะ นายอุทัย พิมพ์ใจชน... / _cกองความสัมพันธ์ระหว่างประเทศ สำนักงานเลขาธิการสภาผู้แทนราษฎร. |
| 260 |
_aกรุงเทพฯ : _bกองความสัมพันธ์ระหว่างประเทศ สำนักงานเลขาธิการสภาผู้แทนราษฎร, _c2545. |
||
| 300 |
_a52 หน้า : _bตาราง, แผนที่ ; _c30 ซม. |
||
| 610 | 2 | 0 |
_aรัฐสภา _zจีน _932663 |
| 651 | 4 |
_93623 _aจีน _xการเมืองและการปกครอง |
|
| 651 | 0 |
_aไทย _xความสัมพันธ์กับต่างประเทศ _zจีน _95864 |
|
| 651 | 4 |
_95865 _aจีน _xความสัมพันธ์กับต่างประเทศ _zไทย |
|
| 850 | _aNALT | ||
| 856 | 4 | 0 | _uhttps://hdl.handle.net/20.500.14156/361435 |
| 942 |
_cPAR _2local |
||
| 998 |
_j25 _k นีลวัสน์ อินทรักษา |
||